| 000 | 01127naa a2200289 c 4500 | ||
|---|---|---|---|
| 001 | 39513 | ||
| 003 | ES-MaCES | ||
| 005 | 20120221132800.0 | ||
| 008 | 091118n2009 sp t 000 | spa d | ||
| 035 | _aCES20090009560v | ||
| 040 |
_aES-MaCES _bspa _cES-MaCES |
||
| 100 | 1 |
_aLópez Sánchez, Javier _916999 |
|
| 245 | 1 | 3 |
_aLa tutela jurisdiccional del derecho a la igualdad de oportunidades, la no discriminación y la accesibilidad universal de las personas con discapacidad _cJavier López Sánchez |
| 650 | 4 |
_aEspaña _926964 |
|
| 650 | 4 |
_aderecho constitucional _927158 |
|
| 650 | 4 |
_alegislación de seguridad social _929855 |
|
| 650 | 4 |
_aigualdad de oportunidades _927183 |
|
| 650 | 4 |
_aintegración de las personas con discapacidad _929681 |
|
| 650 | 4 |
_aintegración social _927283 |
|
| 650 | 4 |
_apersona con discapacidad _928689 |
|
| 650 | 4 |
_aaccesibilidad _929338 |
|
| 653 | 1 | 0 | _aDerecho del trabajo y Seguridad Social |
| 773 | 0 |
_tDerechos económicos y sociales _gp. 225-269 _w(ES-MaCES)22644 |
|
| 902 | _aARL Artículo de libro | ||
| 942 |
_2CES _cAR _h6.0.1. |
||
| 999 |
_c39513 _d39513 |
||